Locations in the Lord of the Rings - Statistics

General Stats
  • This quiz has been taken 62 times
  • The average score is 26 of 45
Answer Stats
Hint Answer % Correct
3 The above is vassal to Gondor
98%
34 Realm of Sauron Mordor
98%
2 Steppe kingdom of the Horse Masters Rohan
98%
23 Land of the Hobbits The Shire
93%
44 Ruled by Elrond Imladris
88%
28 Dwarven realm beneath Khazad-Dum
88%
25 Village where Men and Hobbits live together Bree
85%
22 Where Thorin Oakenshield was headed Erebor
85%
39 The greatest volcano of Middle-Earth Orodruin
85%
6 The Kingdom of the Witch-King Angmar
83%
24 Village of Bilbo Hobbiton
83%
9 Residence of the Ents Fangorn
80%
7 Once called Greenwood Mirkwood
80%
27 Large mountain chain in the center of Middle-Earth The Misty Mountains
80%
43 Ruled by Galadriel Lothlorien
75%
31 River flowing between #2 and #27 Isen
73%
8 The Great River Anduin
68%
4 The Northern Kingdom Arnor
68%
21 Dwarven realm ruled by Dain during the events of the Hobbit Iron Hills
63%
16 Where the Valar exist Valinor
63%
32 Tower next to it Orthanc
60%
1 Bordering Middle-Earth to the northeast Rhûn
60%
14 The hidden city of Gondolin
55%
42 South of Sauron's realm Harad
55%
17 Place from which the elves depart for the above The Grey Havens
53%
41 Coastal area famous for its feared corsairs Umbar
53%
33 Mountains between #2 and #3 The White Mountains
50%
11 Land sunk at the end of the First Age Beleriand
48%
38 The southern one Cirith Ungol
48%
29 The northwestern part of Middle-Earth Eriador
48%
18 Kingdom ruled by Gil-Galad Lindon
45%
10 Westernmost Dwarven Realm The Blue Mountains
45%
30 The northeastern part of Middle-Earth Rhovanion
43%
26 Home of Tom Bombadil The Old Forest
43%
13 The fortress of Morgoth Angband
38%
45 Place where the Rings of Power were forged Eregion
38%
5 Its capital Fornost
38%
36 Inland sea in #34 Nurnen
35%
12 Its greatest Elven Kingdom under Thingol Doriath
33%
37 The northern of the two passes into #34 Cirith Gorgoroth
30%
20 The Northern Wastelands of Middle-Earth Forodwaith
30%
15 First Dwarven, then Elven, then belonging to Glaurung Nargothrond
25%
35 Mountain range to its west Ephel Duath
23%
40 Island of the Dunedain Numenore
8%
19 Sea west of MIddle-Earth The Sundering Seas
5%
No matching quizzes found
Score Distribution
Percent of People with Each Score
Percentile by Number Answered
Your Score History
You have not taken this quiz